Statystyki dla Nazwane lokacje Fortnite Battle Royale rozdział 5 sezon 1

Kliknij tutaj aby rozwiązać quiz!

Ogólne statystyki

  • Ten quiz został rozwiązany 49 razy
  • Średni wynik to 6 z 11

Statystyki odpowiedzi

1 literaNazwa Lokacji% Poprawnych
KKarkołomne Koleje
70%
WWielki Lodowiec
70%
SSzermiercze Sady
68%
SSzpanerski Step
59%
BBaza Buntowników
57%
PPosiadłość Przepychu
57%
PPrzyjemna Piazza
50%
SStarożytne Slajdy
45%
KKrólewskie Korty
43%
GGasnące Góry
41%
RRozrzutna Riweria
5%

Rozkład punktacji

Percentyl według liczby udzielonych odpowiedzi

Procent ludzi z każdym wynikiem

Twoja historia wyników

Nie rozwiązałeś tego quizu